Excusa legal de la provocación en el Distrito Judicial de Sánchez Ramírez, periodo 2015-2016 / Yeuri García Cepeda, Ricardo Anibal polanco Gutiérrez ; asesor Amable Quezada (Registro nro. 18213)

Detalles MARC
000 -LEADER
fixed length control field 00972nam a22002291a 4500
001 - CONTROL NUMBER
control field 18213
003 - CONTROL NUMBER IDENTIFIER
control field OSt
005 - DATE AND TIME OF LATEST TRANSACTION
control field 20260204212355.0
008 - FIXED-LENGTH DATA ELEMENTS--GENERAL INFORMATION
fixed length control field 170406s2017||||dr ||||||b||||||||||spa||
090 ## - LOCALLY ASSIGNED LC-TYPE CALL NUMBER (OCLC); LOCAL CALL NUMBER (RLIN)
Classification number (OCLC) (R) ; Classification number, CALL (RLIN) (NR) DER 2017 G172-1
100 1# - ASIENTO PRINCIPAL -- NOMBRE PERSONAL
Personal name García Cepeda, Yeuri
Relator term sustentante
245 1# - TÍTULO PROPIAMENTE DICHO: SUBTÍTULO
Title Excusa legal de la provocación en el Distrito Judicial de Sánchez Ramírez, periodo 2015-2016 / Yeuri García Cepeda, Ricardo Anibal polanco Gutiérrez ; asesor Amable Quezada
260 ## - PUBLICATION, DISTRIBUTION, ETC.
Place of publication, distribution, etc. Cotuí, Republica Dominicana :
Name of publisher, distributor, etc. UTECO,
Date of publication, distribution, etc. 2017
300 ## - PHYSICAL DESCRIPTION
Extensión 46 hojas :
502 ## - THESIS NOTE
Dissertation note Trabajo de grado (Licenciatura en Derecho) --Universidad Tecnológica del Cibao Oriental, 2017
504 ## - BIBLIOGRAPHY, ETC. NOTE
Bibliography, etc. note Incluye referencia bibliográfica e índice
650 #4 - ASIENTO SECUNDARIO DE MATERIA -- TERMINO TOPICO
Asiento secundario de materia Excusa legal--Derecho
700 1# - ASIENTO SECUNDARIO -- NOMBRE PERSONAL
Personal name Polanco Gutiérrez, Ricardo Anibal
Relator term sustentante
700 1# - ASIENTO SECUNDARIO -- NOMBRE PERSONAL
Personal name Quezada, Amable
Relator term asesor
830 ## - ASIENTO SECUNDARIO DE SERIE - TÍTULO UNIFORME
Uniform title Tesis y disertaciones académicas (Universidad Tecnológica del Cibao Oriental)
942 ## - ADDED ENTRY ELEMENTS (KOHA)
Source of classification or shelving scheme Clasificación Local
Koha item type Tesis
Existencias
Withdrawn status Lost status Source of classification or shelving scheme Damaged status Not for loan Collection code Home library Current library Shelving location Date acquired Inventory number Total Checkouts Full call number Barcode Date last seen Copy number Price effective from Koha item type
    Clasificación Local   Préstamo Interno Trabajos de Grado e Investigación   Biblioteca UTECO En Estantería 09/09/2019 DT-2017-002   DER 2017 G172-1 DT-2017-002 09/09/2019 Ej.1 09/09/2019 Tesis
© 2021 Derechos Reservados UTECO - Teléfono: +1 809-585-2291 - Correo electrónico: biblioteca@uteco.edu.do​  
Código postal 43000 ​​
Dirección: Avenida Universitaria No. 100, 
Cotuí, Provincia Sánchez Ramírez, República Dominicana - RNC: 404-00059-6